europe? - Statistics

General Stats
  • This quiz has been taken 62 times
  • The average score is 12 of 14
Answers on the Grid
Answers color-coded by a green-red scale on the quiz's grid according to % correct below.
Slovenia
Slovakia
Jordan
Isreal
Poland
Chad
Central African Republic
Lithuania
Andorra
Latvia
St Lucia
Liechtenstein
Palau
Vietnam
Moldova
Mongolia
Lesotho
Iceland
New Zealand
Micronesia
East Timor
Croatia
Montenegro
Iran
Bosnia Herzegovina
Kosovo
Morocco
Cuba
Chile
Sweden
 
Answer Stats
Answer % Correct
Slovakia
97%
Slovenia
95%
Iceland
92%
Latvia
92%
Liechtenstein
92%
Lithuania
92%
Poland
92%
Croatia
87%
Montenegro
87%
Andorra
84%
Moldova
84%
Sweden
84%
Bosnia Herzegovina
82%
Kosovo
79%
No matching quizzes found
Score Distribution
Percent of People with Each Score
Percentile by Number Answered
Your Score History
You have not taken this quiz